000 00487nam a2200181Ia 4500
005 20250326125621.0
008 250326s9999 xx 000 0 und d
037 _aTextbook
040 _aFMSL
_beng
_cFMSL
041 _aeng
_2eng
084 _aX5:51ogB28 K7
_qFMSL
100 _aFRANK
245 0 _aQuantitative methods in marketing
_cFRANK
260 _aNY
_bNY, Prentice-Hall
_c1967
300 _a118p
942 _cTB
_hX5:51ogB28 K7
999 _c1278812
_d1278812